Carbon dioxide capture, transportation and geological storage -- pipeline transportation systems = Captage du dioxyde de carbone, transport et stockage géologique -- systèmes de transport par conduites.

Bibliographic Details
Format: Book
Language:English
Published: Geneva, Switzerland : ISO, [2016]
Edition:First edition, 2016-11-01.
Series:International standard ; ISO 27913.
Subjects:

MARC

Tag First Indicator Second Indicator Subfields
LEADER 00000nam a2200000 i 4500
001 in00004726607
008 230706t20162015sz a bu 000 0 eng d
005 20230706213802.7
035 |a (OCoLC)on1389535585 
040 |a TXA  |b eng  |e rda  |c TXA 
035 |a (OCoLC)1389535585 
090 |a TD885.5.C3  |b C372 2016 
245 0 0 |a Carbon dioxide capture, transportation and geological storage -- pipeline transportation systems =  |b Captage du dioxyde de carbone, transport et stockage géologique -- systèmes de transport par conduites. 
246 3 1 |a Captage du dioxyde de carbone, transport et stockage géologique -- systèmes de transport par conduites 
246 1 7 |a ISO 27913:2016(E) 
250 |a First edition, 2016-11-01. 
264 1 |a Geneva, Switzerland :  |b ISO,  |c [2016] 
264 4 |c ©2016 
300 |a vii, 35 pages :  |b illustrations ;  |c 28 cm. 
336 |a text  |b txt  |2 rdacontent 
337 |a unmediated  |b n  |2 rdamedia 
338 |a volume  |b nc  |2 rdacarrier 
490 1 |a International standard ;  |v ISO 27913 
500 |a Cover title. 
504 |a Includes bibliographical references. 
650 0 |a Geological carbon sequestration  |v Specifications. 
650 0 |a Carbon dioxide mitigation  |v Specifications. 
650 0 |a Carbon dioxide pipelines  |v Specifications. 
655 7 |a Standards (Reference works)  |2 lcgft 
710 2 |a International Organization for Standardization,  |e issuing body. 
830 0 |a International standard ;  |v ISO 27913. 
994 |a Z0  |b TXA 
948 |h HELD BY TXA - 0 OTHER HOLDINGS 
999 f f |s 57e895c4-7f82-45f4-9e7c-3e7ec6645b73  |i 06c89a6e-2f6c-4636-b067-71079f8eceab  |t 0 
952 f f |p normal  |a Texas A&M University  |b College Station  |c Sterling C. Evans Library  |d Evans: Library Stacks  |t 0  |e TD885.5.C3 C372 2016  |h Library of Congress classification  |i unmediated -- volume  |m A14852526665 
998 f f |a TD885.5.C3 C372 2016  |t 0  |l Evans: Library Stacks